000 01044cab a22002295a 4500
001 L143366
008 080429e20080418xxk f 000 0 eng d
035 _a(Sirsi) u143366
041 0 _aeng
100 1 _aCrews, Glyn
245 0 0 _aSportelli
_ball hope lost? (1)
260 _c2008
490 _aNew Law Journal
_v158(7317) 18 April 2008, 545-546(2)
520 _aFirst in a series of articles provides a summary of flat owners' enfranchisement rights. Explains the rationale for calculation of freeholders' compensation. Describes the effect of hope and marriage values upon these calculations. Covers the effect of Sportelli appeal decisions that freeholders can no longer claim hope value for non-participating flats.
590 _aKA
650 2 4 _aLEASEHOLD REFORM, HOUSING AND URBAN DEVELOPMENT ACT 1993
650 2 4 _aEARL CADOGAN AND ANOTHER V SPORTELLI AND ANOTHER
650 2 4 _aHOUSING ACT 1996
651 4 _aEngland and Wales
_y1543-
690 _aPROPERTY-RESIDENTIAL PROPERTY-RESIDENTIAL LANDLORD AND TENANT
942 _n0
999 _c80156
_d80156